01000cam a2200241 a 450000100100000000500170001000800410002702000150006804000250008308200170010810000450012524501220017026000790029230000230037149000690039450400210046360000620048465000560054665000230060270000400062571000210066583000720068600000767020200929154245.0970919s1996 sp ah b 001 0aspa d a8478203079 aDO-SdBNPbspacBNPHU a866.5bB357c1 aCalvo Ruata, José Ignacio.d1740-1809.10aCartas de Fray Manuel Bayeu a Martín Zapater :bfondo documental del Museo del Prado /cJosé Ignacio Calvo Ruata. aZaragoza :bInstitución Fernando el Católico,bMuseo del Prado,c1996. a189 p. : ;c25 cm.1 aPublicación de la Institución "Fernando el Católico"v1763 aBibliografía :14aBAYEU, MANUELd1740-1809xCORRESPONDENCIA, MEMORIAS, ETC. 4aArtistaszEspañaxCorrespondencia, memorias, etc. 4aCartas españolas1 aCalvo Ruata, José Ignacio,ecomp.2 aMuseo del Prado. 0aPublicación de la Institución "Fernando el Católico" ;n1763.